[Event "XIV Figueira da Foz Open 2020"]
[Site "Figueira da Foz"]
[Date "2020.10.30"]
[Round "8.3"]
[White "Djuric, Stefan"]
[Black "Cumming, Rhys"]
[Result "0-1"]
[WhiteElo "2358"]
[BlackElo "2299"]
[Annotator "TA"]
[PlyCount "102"]
[EventDate "2020.10.24"]
[EventType "swiss"]
[EventCountry "POR"]
[SourceTitle "playchess.com"]
[Source "ChessBase"]
[SourceQuality "1"]

{[%evp 9,102,39,33,2,22,0,0,0,0,-7,0,0,7,8,36,21,39,31,45,43,39,37,65,53,63,28,38,27,50,46,50,45,42,-19,43,35,64,47,49,0,0,0,58,54,58,48,49,10,11,15,10,10,30,20,20,0,0,0,0,0,43,50,57,0,0,0,0,-103,0,0,0,-100,-104,-613,-606,-573,-541,-347,-320,-323,-316,-1424,-1341,-732,-601,-974,-998,-970,-831,-791,-791,-2251,-1677,-12801,-5528]} 1. c4 Nf6 2. Nc3 g6 3. Nf3 Bg7 4. e4 e5 5. Nxe5 O-O 6. Be2 {A16: English Opening: 1...Nf6 with ...d5.} Re8 7. Nf3 Nxe4 {[#]} 8. Nxe4 $146 {The position is equal.} ({Predecessor:} 8. O-O d6 9. Nxe4 Rxe4 10. d3 Re8 11. d4 Nc6 12. Be3 Bg4 13. h3 Bxf3 14. Bxf3 {1-0 (22) Cheparinov,I (2709)-Dubov,D (2703) St Petersburg 2018}) 8... Rxe4 9. d3 Re6 10. O-O d5 11. Bg5 $36 {[%mdl 2048] White has some pressure.} Qe8 12. Re1 d4 13. Bf4 Re7 14. Qd2 Nc6 15. b4 {[%cal Bb2b4,Bb4b5][%mdl 32]} a5 16. b5 Nd8 $1 17. h3 Ne6 18. Be5 b6 19. Bxg7 Kxg7 20. Ne5 {Threatens to win with Bf3.} Bb7 $1 21. Ng4 (21. Bf3 $14 Bxf3 22. Nxf3) 21... g5 (21... Qf8 $11) 22. Nh2 $14 f6 23. Bg4 Nf4 24. Rxe7+ Qxe7 25. g3 Ng6 ({Black should try} 25... h5 $1 $11) 26. Bf3 Bxf3 27. Nxf3 Qd7 28. Kg2 Re8 29. Re1 Rxe1 30. Qxe1 Nf8 31. Qe4 Ne6 32. Qd5 Qxd5 33. cxd5 $11 {[%mdl 4096] Endgame KN-KN} Nc5 34. Nxd4 Kf7 35. Kf3 Nxd3 36. Ne6 (36. d6 $1 $14 cxd6 37. Ke4) 36... Ke7 37. Nxc7 Nb4 38. a4 (38. Ke4 $11 Kd6 39. Ne8+ {[%mdl 64] Double Attack} Ke7 40. Ng7) 38... Kd6 39. Ne8+ Ke7 $1 {[%cal Re7e8]} 40. Nc7 {next Ke4 is good for White.} Kd7 41. Na8 $2 {[%mdl 8192] White does not recover from this.} (41. d6 $17) 41... Nxd5 $19 42. Ke4 Nc3+ 43. Kd4 Nxa4 {White must now prevent ...Kc8.} 44. Kd5 {[#] Now g4 and White clings on.} f5 $1 45. f4 $2 (45. f3) 45... gxf4 {Black is clearly winning.} 46. gxf4 {[#]} h6 $1 47. Ke5 {and the idea Kd5 leaves White hopeful.} Kc8 48. Kd6 Kb7 49. Nc7 Nc3 {Hoping for ...a4.} 50. Ne6 Nxb5+ 51. Ke5 a4 {Av CentiPawn Loss W=-82/B=-49. Weighted=-80/-39} 0-1

[Event "XIV Figueira da Foz Open 2020"]
[Site "Figueira da Foz"]
[Date "2020.10.30"]
[Round "8.4"]
[White "Taboas Rodriguez, Daniel"]
[Black "Antolak, Julia"]
[Result "1/2-1/2"]
[WhiteElo "2365"]
[BlackElo "2313"]
[Annotator "TA"]
[PlyCount "166"]
[EventDate "2020.10.24"]
[EventType "swiss"]
[EventCountry "POR"]
[SourceTitle "playchess.com"]
[Source "ChessBase"]
[SourceQuality "1"]

{[%evp 15,166,29,49,31,33,34,45,28,47,33,47,43,59,54,57,55,123,47,113,113,105,77,149,34,86,52,52,55,54,50,37,35,85,54,116,117,115,104,114,98,101,99,122,70,67,67,457,447,397,47,50,64,62,9,11,8,21,14,61,19,16,13,16,13,14,0,0,0,8,8,8,0,0,0,0,0,0,0,0,0,13,13,13,13,13,13,13,13,13,13,13,13,13,13,13,13,13,13,13,13,13,13,13,13,13,13,13,13,13,4,13,13,13,13,13,13,13,13,13,13,13,11,13,11,13,0,13,13,13,13,13,13,13,13,13,13,13,13,13,0,0,0,0,0,0,0,0,0,0,0,0,0,0]} 1. d4 Nf6 2. Nf3 g6 3. c4 c5 4. d5 b5 5. cxb5 a6 6. b6 d6 7. Nc3 Nbd7 8. e4 Bg7 9. Bd3 {A57: Benko/Volga Gambit.} O-O 10. O-O Rb8 11. Rb1 {White is slightly better.} Nxb6 12. h3 {[#]} Ne8 $146 ({Predecessor:} 12... Nfd7 13. Qc2 Qc7 14. Bg5 Re8 15. Rfc1 Bb7 16. Nd2 Rbc8 17. f4 e6 18. dxe6 fxe6 {0-1 (38) Tahay,R (1290)-Strohl,A (1670) France 2011}) 13. Bg5 Nc7 14. Qd2 Qd7 15. Bh6 Bb7 (15... e5 $14) 16. Rfe1 (16. b4 $16 {And now bxc5 would win.} c4 17. Bxg7 Kxg7 18. Be2) 16... e6 (16... Bxh6 $14 17. Qxh6 e6) 17. Bxg7 $16 Kxg7 18. dxe6 fxe6 (18... Qxe6 $142 19. b4 c4) 19. Rbd1 (19. b4 $16) 19... Rbd8 (19... e5 $14) 20. Qe3 Qe7 21. b4 Nd7 $1 22. a3 e5 23. Bc4 Rf6 24. Rd3 cxb4 (24... Rdf8 $14) 25. axb4 Nf8 26. Bd5 $36 {[%mdl 2048] White has strong initiative.} Bxd5 27. Nxd5 Nxd5 28. exd5 Qb7 29. Rb1 ({White should play} 29. Rc1 $16) 29... Rf4 $14 30. Ng5 Rxb4 $2 {[%mdl 8192]} (30... h6 $14 31. Ne4 Nh7) 31. Rxb4 $18 Qxb4 32. Rb3 $2 ({White must play} 32. Qa7+ $18 Rd7 33. Ne6+ Kg8 {[#]} 34. Rf3 $1 {[%mdl 512]} Nxe6 35. Qxd7) 32... Qd4 $14 33. Rb7+ Kg8 34. Qf3 (34. Nxh7 $14 Qxe3 35. Nf6+ Kh8 36. fxe3) 34... Qf4 $11 35. Qxf4 exf4 {[%mdl 4096] Endgame KRN-KRN} 36. Ra7 Re8 37. Nf3 a5 {The position is equal.} 38. Rxa5 Nd7 39. Ra6 Ne5 40. Rxd6 Nxf3+ 41. gxf3 {KR-KR} Re1+ 42. Kg2 Rd1 43. h4 Kg7 44. Rd7+ Kg8 45. Kh3 {[#] Threatens to win with Kg4.} h5 46. Kg2 Kf8 47. d6 Ke8 48. Re7+ Kf8 $1 49. Re4 Rxd6 50. Rxf4+ Kg7 51. Ra4 Kf6 52. Ra5 Rb6 53. Rg5 Rb4 54. Kg3 Rb3 55. Rc5 Ra3 56. Rc6+ Kf5 57. Rc8 Kf6 58. Rf8+ Kg7 59. Re8 Kf6 60. Re3 Ra1 61. Rb3 Rg1+ 62. Kf4 Rh1 63. Rb6+ Kg7 64. Kg3 Ra1 65. Rb4 Kf6 66. Rc4 Rb1 67. Rf4+ Ke6 68. Kg2 Ra1 69. Rf8 Ke7 70. Rf4 (70. Rg8 $5 {[%cal Rg8g6]} Kf7 71. Rc8 $14) 70... Ke6 71. Rb4 Kf5 72. Rb5+ Kf4 73. Rg5 Ra6 74. Rc5 Ra1 75. Rb5 Rc1 76. Rb4+ Kf5 77. f4 Ra1 78. Rb6 Rc1 79. Kf3 Rc3+ 80. Kg2 Rc1 81. f3 Ra1 82. Kg3 Rg1+ 83. Kf2 Ra1 {Av CentiPawn Loss W=-12/B=-11. Weighted=-16/-14} 1/2-1/2

[Event "XIV Figueira da Foz Open 2020"]
[Site "Figueira da Foz"]
[Date "2020.10.30"]
[Round "8.5"]
[White "Dias, Paulo"]
[Black "Garcia Dorado, Alberto"]
[Result "1/2-1/2"]
[WhiteElo "2338"]
[BlackElo "2181"]
[Annotator "TA"]
[PlyCount "103"]
[EventDate "2020.10.24"]
[EventType "swiss"]
[EventCountry "POR"]
[SourceTitle "playchess.com"]
[Source "ChessBase"]
[SourceQuality "1"]

{[%evp 15,103,31,22,1,6,22,24,9,7,6,50,62,84,70,127,126,197,38,63,58,98,102,159,161,143,133,143,141,173,133,129,129,129,129,129,133,129,121,134,128,152,158,140,135,170,158,275,269,247,185,197,184,268,251,235,235,235,235,280,280,280,156,161,37,64,37,124,75,199,80,77,0,0,0,0,0,0,0,0,0,0,0,0,0,0,0,0,0,0,0]} 1. d4 d5 2. c4 e6 3. Nc3 Bb4 4. Nf3 Nf6 5. Bg5 dxc4 6. e4 c5 7. Bxc4 cxd4 8. Nxd4 Qa5 9. Bb5+ {D39: Queen's Gambit Declined: Ragozin Defence with 5 Bg5 dxc4.} Bd7 10. Bxf6 Bxb5 11. Ndxb5 {White has an edge.} gxf6 12. O-O {[#]} a6 $146 ({Predecessor:} 12... Nc6 13. Nd6+ Ke7 14. Nc4 Qc5 15. Ne3 Bxc3 16. Rc1 Qa5 17. Rxc3 Rhd8 18. Qb3 Rd7 {0-1 (34) Bu,X (2767)-Wen,Y (2591) Shenyang 2019}) 13. Nd6+ Ke7 14. Nc4 Qc7 (14... Qc5 $14 15. Ne3 Bxc3) 15. Qb3 $1 $36 {[%cal Rb3b4][%mdl 2048] Black is under strong pressure.} Bc5 (15... a5 $16) 16. Na4 $2 (16. e5 $18) 16... Nd7 17. Rac1 {aiming for Ncb6!} b5 18. Nxc5 bxc4 (18... Nxc5 $142 19. Qb4 bxc4) 19. Rxc4 Nxc5 20. Qa3 (20. Rfc1 $6 Qxh2+ $1 {[%mdl 512]} 21. Kxh2 Nxb3 $11) 20... Rhc8 21. Rfc1 {[%cal Rc4c5]} Qd6 22. Rxc5 Rxc5 23. Qxc5 Qxc5 24. Rxc5 $18 {[%mdl 4096] Endgame KR-KR} Rd8 {[%cal Rd8d1]} 25. Rc7+ Kf8 {[%cal Rd8d1]} 26. Kf1 Rd2 27. Rb7 Kg7 28. h4 a5 29. a4 Rd4 {[#]} 30. b3 $1 Rd2 (30... Rxe4 $16 {is a better defense.} 31. Rb5 Kf8) 31. Rb5 Rb2 32. g3 ({But not} 32. Rxa5 $6 Rxb3 33. f3 Rb4) 32... e5 33. f4 Kg6 (33... exf4 {keeps fighting.} 34. gxf4 f5) 34. fxe5 fxe5 35. Rxe5 ({Don't do} 35. Rxa5 $6 f6) 35... Rxb3 36. Rxa5 Rb2 37. Ra8 Rb4 38. Ke2 (38. a5 $18) 38... Rxe4+ $16 39. Kd3 (39. Kf3 $18 Rb4 40. a5) 39... f5 $1 $14 40. a5 {Black must now prevent a6.} (40. g4 $5 {[%cal Rg4f5]} Rb4 41. Ra6+ Kf7 42. gxf5 $16) 40... Kg7 (40... Kh5 $14) 41. Ra7+ Kh6 {[#]} 42. Rf7 (42. Rd7 $1 $18 {is the precise move to win.}) 42... Kg6 $16 43. Rf8 (43. Rd7 $16) 43... Ra4 $11 {The position is equal.} 44. Ra8 {a6 is the strong threat.} Kh5 45. a6 Ra3+ 46. Kc4 Rxg3 47. Kb4 {Strongly threatening Rb8.} Rg1 48. Rh8 {And now a7 would win.} Ra1 49. Rxh7+ Kg6 50. Ra7 f4 51. Ra8 f3 52. Rf8 {Blacks defense is rewarded with a draw. Av CentiPawn Loss W=-20/B=-19. Weighted=-22/-23} 1/2-1/2

[Event "XIV Figueira da Foz Open 2020"]
[Site "Figueira da Foz"]
[Date "2020.10.30"]
[Round "8.6"]
[White "Janik, Igor"]
[Black "Tadevosyan, Aspet"]
[Result "1-0"]
[WhiteElo "2489"]
[BlackElo "2136"]
[Annotator "TA"]
[PlyCount "141"]
[EventDate "2020.10.24"]
[EventType "swiss"]
[EventCountry "POR"]
[SourceTitle "playchess.com"]
[Source "ChessBase"]
[SourceQuality "1"]

{[%evp 9,141,10,16,17,35,3,18,9,0,8,35,9,66,66,58,52,68,50,74,50,60,58,63,66,59,57,89,72,70,60,91,85,82,72,80,53,108,110,114,110,180,172,185,45,54,50,60,50,96,83,110,122,137,137,148,120,109,74,94,86,114,111,122,105,145,87,85,68,125,106,113,110,139,123,129,138,153,152,160,165,169,172,195,195,259,249,266,266,303,303,303,304,384,388,388,365,364,358,420,297,432,431,502,472,482,456,430,385,448,447,627,646,666,606,844,824,847,842,806,797,775,778,1089,1106,1083,1004,820,816,1373,1297,5810,6157,29982,29983]} 1. e4 c5 2. Nf3 d6 3. Bb5+ Nd7 4. O-O a6 5. Bd3 Ngf6 6. Re1 {B51: Sicilian: Moscow Variation (3 Bb5+) without 3...Bd7.} g6 7. a4 Bg7 8. c3 {The position is equal.} O-O 9. Bc2 e5 10. d4 Re8 ({Black should play} 10... cxd4 $11 11. cxd4 exd4) 11. d5 $14 b6 {[#]} 12. Nbd2 $146 {[%cal Bb1d2,Bd2f1,Bf1g3][%mdl 32]} ({Predecessor:} 12. h3 Rb8 13. Na3 b5 14. axb5 axb5 15. b3 Nh5 16. c4 bxc4 17. bxc4 Nb6 18. Bd3 {1-0 (42) Ameir,M (2309)-Deepan Chakkravarthy,J (2543) Chennai 2019}) 12... Qc7 13. b3 Nf8 14. Nf1 Bd7 15. Ng3 b5 16. Qe2 Reb8 17. Bd3 Qb7 18. Ra2 Be8 19. Bg5 h6 20. Be3 Ng4 21. Bd2 Nf6 22. Rea1 b4 (22... c4 $14 23. bxc4 bxc4 24. Bxc4 N8d7) 23. cxb4 $16 cxb4 24. Rc2 N8d7 (24... a5 $16) 25. Rac1 $18 Nc5 26. Bc4 (26. Rxc5 $1 $18 dxc5 27. Nxe5) 26... Rc8 27. Ne1 h5 {Threatening ...h4.} 28. Nd3 Nxd3 29. Qxd3 {Strongly threatening Bxa6!} Rcb8 30. Qe2 Bd7 31. Bd3 Ne8 32. a5 Bb5 33. Bxb5 Qxb5 34. Ra1 Kh7 35. Qxb5 Rxb5 36. Rc4 Bh6 37. Be1 (37. Bxb4 $6 Rab8 $14) (37. Nf1 $142) 37... Kg7 38. Ra4 Kf6 (38... Rc5 $14) 39. Ne2 ({But not} 39. Raxb4 Rxa5 40. Nf1 Rb5 $14) 39... Ra7 40. Rcxb4 Rc5 41. Rc4 Rb5 {[#]} 42. b4 $1 Rbb7 43. Nc3 Ke7 44. Kf1 Kd7 45. Ke2 Ra8 46. Ra2 Rc8 (46... Rc7 {keeps fighting.} 47. Rxc7+ Nxc7) 47. Rxc8 Kxc8 {[#]} 48. b5 $1 {[%cal Bb4b5,Bb5b6][%mdl 544]} Nc7 (48... axb5 49. a6) 49. b6 Ne8 50. Rc2 Kb8 51. Na2 Rd7 52. Nb4 Kb7 53. f3 Bg5 54. Kd3 Be7 (54... h4 $142 55. Bc3 f5) 55. Nc6 Bg5 56. g3 Bh6 57. Na7 Bg5 58. Bb4 Bf6 59. f4 g5 (59... h4 $142 60. Rc1 h3) 60. fxg5 Bxg5 61. h4 Be7 62. Rf2 f6 63. Nc6 Bf8 {[#]} 64. Nxe5 $1 {[%mdl 512]} Rg7 (64... dxe5 65. Bxf8) 65. Rf3 dxe5 66. Bxf8 {KRB-KRN} Rf7 67. Bb4 Rg7 68. Ke3 Rg4 69. Be7 Rg6 70. Kf2 Rg4 71. d6 {Av CentiPawn Loss W=-9/B=-67. Weighted=-4/-53} 1-0

[Event "XIV Figueira da Foz Open 2020"]
[Site "Figueira da Foz"]
[Date "2020.10.30"]
[Round "8.7"]
[White "Stella, Andrea"]
[Black "Varela La Madrid, Tilsia Carolina"]
[Result "1-0"]
[WhiteElo "2457"]
[BlackElo "2060"]
[Annotator "TA"]
[PlyCount "99"]
[EventDate "2020.10.24"]
[EventType "swiss"]
[EventCountry "POR"]
[SourceTitle "playchess.com"]
[Source "ChessBase"]
[SourceQuality "1"]

{[%evp 9,99,4,45,47,57,66,100,99,80,80,154,163,229,214,217,158,200,191,212,229,230,144,247,174,216,139,181,177,181,161,184,191,182,179,191,174,177,180,189,164,229,231,229,223,234,220,247,219,338,321,314,231,233,224,225,189,250,159,182,134,136,105,118,32,48,0,0,0,0,0,110,56,94,80,628,596,576,584,29986,29963,29963,29958,6979,4031,29967,29967,29965,29959,29968,29967,29959,29962]} 1. d4 d5 2. c4 c6 3. Nf3 Nf6 4. Nbd2 Bf5 5. Nh4 Bg6 6. Qb3 {D11: Slav Defence: 3 Nf3 sidelines and 3...Nf6 4 e3 Bg4.} Qb6 7. Qh3 Nbd7 8. Nxg6 {White is better.} fxg6 9. e3 O-O-O ({Black should try} 9... e5) 10. c5 $16 Qc7 (10... Qa5 $142 11. Be2 e6) 11. f4 $18 e6 {[#]} 12. Be2 $146 ({Predecessor:} 12. Bd3 Be7 13. O-O Kb8 14. b4 h5 15. Qxe6 Nf8 16. Qe5 Re8 17. Qxc7+ Kxc7 18. Nf3 {1-0 (38) Alarcon Casellas,R (2391)-Lopez Guaita,F (2020) Figueres 2015}) 12... Kb8 13. b4 {[%cal Bb2b4,Bb4b5][%mdl 32]} ({But not} 13. Qxe6 $6 Nxc5 14. dxc5 Bxc5 $16) 13... Re8 14. O-O Be7 15. a4 Ka8 (15... h6 $16 16. b5 g5) 16. b5 Nb8 17. Nb3 Ne4 18. Bd3 Bf6 19. Qf3 g5 20. Bxe4 dxe4 21. Qxe4 gxf4 22. exf4 ({Resist} 22. Qxf4 $6 e5 $16) 22... Qd7 23. Be3 Qd5 24. Qc2 g5 (24... Rhg8 {was necessary.} 25. Rad1 g5) 25. fxg5 Bxg5 26. Bxg5 Qxg5 27. Rae1 h5 28. Na5 Qg7 (28... Qd8 $142) 29. Qe4 Qd7 30. bxc6 Nxc6 31. Nxc6 bxc6 32. Rf2 h4 (32... Qd5 $142 33. g3 Rb8) 33. Ref1 h3 34. Rf7 Qd5 35. Qxd5 exd5 36. gxh3 ({White should play} 36. Rc7 $16) 36... Rxh3 37. Rf8 Rxf8 38. Rxf8+ $11 {[%mdl 4096] Endgame KR-KR} Kb7 39. Rf4 Ra3 {[#]} (39... Rh6 $11) 40. h4 (40. Kg2 $1 $16) 40... Rxa4 41. h5 {Rh4 is the strong threat.} Ra3 $2 {[%mdl 8192] Now Black is done in.} (41... Ka6 $16) 42. Kg2 a5 43. h6 Ra2+ 44. Kg3 Re2 45. h7 Re8 46. Kg4 a4 47. Kg5 {White mates.} Ka6 48. Rf7 Rh8 49. Kg6 a3 50. Rf3 {Av CentiPawn Loss W=-43/B=454. Weighted=-41/504} 1-0

[Event "XIV Figueira da Foz Open 2020"]
[Site "Figueira da Foz"]
[Date "2020.10.30"]
[Round "8.8"]
[White "Silva, Pedro Gil Ferreira D"]
[Black "Alshameary Puente, Ismael"]
[Result "1/2-1/2"]
[WhiteElo "2034"]
[BlackElo "2373"]
[Annotator "TA"]
[PlyCount "85"]
[EventDate "2020.10.24"]
[EventType "swiss"]
[EventCountry "POR"]
[SourceTitle "playchess.com"]
[Source "ChessBase"]
[SourceQuality "1"]

{[%evp 9,85,0,0,0,4,0,0,16,41,38,44,45,52,27,39,35,56,68,67,54,60,45,52,48,109,53,67,57,77,69,80,70,105,88,152,162,298,288,328,170,162,132,131,143,218,225,227,230,231,164,214,101,131,-8,132,127,118,76,74,85,156,74,90,48,153,148,247,248,370,362,337,292,218,100,962,727,29981,29982]} 1. e4 c5 2. Nf3 d6 3. d4 cxd4 4. Qxd4 Nc6 5. Bb5 a6 6. Bxc6+ {B53: Sicilian: 2...d6: Lines with Qxd4.} bxc6 7. Nc3 e5 8. Qd3 {The position is equal.} Ne7 {[#]} 9. Be3 $146 ({Predecessor:} 9. Bg5 f6 10. Bh4 Be6 11. O-O-O Ng6 12. Bg3 Qa5 13. Kb1 Be7 14. h4 h5 15. Nd2 {0-1 (27) Cunha,L (2290)-Demchenko,A (2632) Chess.com INT 2020}) 9... Ng6 10. O-O-O Be7 11. Nd2 Be6 12. Nc4 {[%cal Rc4d6]} Bxc4 13. Qxc4 Qc8 14. g3 Rb8 15. Kb1 Qb7 {[%csl Gb8][%cal Rb7b2]} 16. b3 O-O (16... Nf8 $14) 17. f4 (17. h4 $1 $16) 17... Rfc8 {Black wants to play ...d5!} 18. Qd3 a5 19. f5 Nf8 20. g4 Nd7 21. g5 d5 (21... Bf8 $142) 22. exd5 $16 cxd5 (22... c5 $142 23. Qc4 Nb6) 23. Nxd5 $18 Nc5 24. Nxe7+ (24. Bxc5 $142 Bxc5 25. f6) 24... Qxe7 25. Bxc5 Qxc5 26. g6 hxg6 (26... f6 $16 27. Qd5+ Qxd5 28. gxh7+ (28. Rxd5 hxg6 29. fxg6 a4 $16) 28... Kxh7 29. Rxd5 a4) 27. fxg6 fxg6 28. Rhg1 a4 29. Rxg6 a3 {[#]} 30. Rdg1 (30. c4 $1 $18 {[%mdl 512] and White stays clearly on top. And now Qd7 would win.} Rb7 (30... Qxc4 31. Rxg7+) 31. Qe4) 30... Rb7 $16 31. h4 (31. c4 $16) 31... Re7 (31... Rd7 $11 {keeps the balance.} 32. Qf5 Rf7) 32. c4 e4 33. Qd5+ (33. Qd6 {is more complex.} Qxd6 34. Rxd6 Rf8 35. Rd2 Rf4 36. h5) 33... Qxd5 34. cxd5 {[%mdl 4096] Endgame KRR-KRR} Rd7 (34... Kh7 $142) 35. d6 ({White should try} 35. Re6 $1) 35... Re8 36. Kc2 e3 (36... Rc8+ $1 $14 37. Kd2 Rc6) 37. Kd3 e2 {[#]} (37... Kh7 $16 38. Ke2 Re4) 38. Re1 $1 $18 Kh7 (38... Kf7 $142 39. h5 Re6) 39. h5 Re5 40. Rxe2 Rxh5 {[#]} 41. Re7 (41. Rge6 $1 $18 {has better winning chances.}) 41... Rd5+ $2 {[%mdl 8192] [#]} (41... Rh3+ $16 42. Kc4 Kxg6 43. Rxd7 Rh2) 42. Kc4 $1 R5xd6 43. Rgxg7+ {[%mdl 32768] Av CentiPawn Loss W=-32/B=-79. Weighted=-33/-93. An unexpected result.} 1/2-1/2

[Event "XIV Figueira da Foz Open 2020"]
[Site "Figueira da Foz"]
[Date "2020.10.30"]
[Round "8.9"]
[White "Fernandes, Joao Pedro Murtinho"]
[Black "Morais, Mario Martins Freita"]
[Result "1-0"]
[WhiteElo "2084"]
[BlackElo "1808"]
[Annotator "TA"]
[PlyCount "59"]
[EventDate "2020.10.24"]
[EventType "swiss"]
[EventCountry "POR"]
[SourceTitle "playchess.com"]
[Source "ChessBase"]
[SourceQuality "1"]

{[%evp 9,59,82,82,62,79,73,148,139,157,157,212,196,204,119,147,132,138,131,139,135,229,158,833,846,1037,1018,1079,1075,1091,1041,1092,1080,1048,1041,1000,982,1113,1092,1165,1117,1317,1281,2295,2258,2197,2158,29981,29978,29984,29986,29989,29985]} 1. e4 c5 2. Nf3 g6 3. c3 d5 4. e5 c4 {[#]} 5. b3 $146 ({Predecessor:} 5. d4 cxd3 6. Bxd3 Nc6 7. Be3 Bg7 8. Bb5 e6 9. O-O Nge7 10. Bc5 Bd7 11. Bxc6 bxc6 {½-½ (23) Csatho,G (1698)-Posch,S (1967) Hungary 2015}) 5... cxb3 6. axb3 {B27: Sicilian: 2 Nf3, unusual Black 2nd moves.} Nc6 7. d4 e6 ({Better is} 7... Bg7) 8. h4 $16 {White is clearly better.} h6 9. Bd3 Bg7 (9... Bd7 $16 {was worth a try.} 10. Nbd2 h5) 10. Na3 $18 a6 11. Bf4 ({White should play} 11. Nb5 $18) 11... Ra7 12. Kf1 Bd7 13. g3 Nge7 14. Kg2 O-O (14... Ra8 $16 15. Qd2 Nf5) 15. Qd2 Kh7 $2 {[#] This move loses the game for Black.} (15... h5 $16 16. Bg5 Ra8) 16. h5 f5 17. hxg6+ Nxg6 18. Bxh6 Nce7 19. Bxg7+ Kxg7 20. Qh6+ Kf7 21. Ng5+ Ke8 {[#]} 22. Nb5 $1 {[%cal Rb5d6][%mdl 576] Pin} Qb6 (22... axb5 23. Rxa7) 23. Nxa7 Qxa7 24. Nh7 Rf7 25. Be2 f4 26. Bh5 Kd8 27. Bxg6 Nxg6 28. Qxg6 {White mates.} Re7 29. Nf6 Kc7 30. Rh7 {Av CentiPawn Loss W=-22/B=-125. Weighted=-24/-114} 1-0

[Event "XIV Figueira da Foz Open 2020"]
[Site "Figueira da Foz"]
[Date "2020.10.30"]
[Round "8.10"]
[White "Pipiras, Filipa Fortuna"]
[Black "Loeffler, Stefan"]
[Result "0-1"]
[WhiteElo "1912"]
[BlackElo "2352"]
[Annotator "TA"]
[PlyCount "140"]
[EventDate "2020.10.24"]
[EventType "swiss"]
[EventCountry "POR"]
[SourceTitle "playchess.com"]
[Source "ChessBase"]
[SourceQuality "1"]

{[%evp 14,139,45,27,46,17,29,28,28,15,27,-9,49,41,69,75,90,52,73,70,82,71,77,78,75,57,62,54,60,31,47,25,88,75,59,37,122,11,77,72,146,0,0,-23,-17,-51,-47,-47,-50,-95,-92,-159,-88,-87,-92,-116,-131,-104,-13,-16,-14,-300,-281,-269,-268,-250,-132,-403,-386,-710,-652,-12833,-12823,-5728,-2340,-12839,-12839,-12840,-12839,-12840,-12837,-12837,-12837,-12839,-12841,-12844,-12843,-12846,-12847,-12847,-12846,-12846,-12845,-12846,-12847,-12847,-12847,-12849,-12849,-12850,-12850,-12850,-27999,-27999,-27999,-27999,-27999,-27999,-27999,-27999,-27999,-27999,-27999,-27999,-27998,-27999,-27999,-27999,-27999,-27999,-27999,-27996,-27999,-27998,-27998,-27999,-27999,-29999]} 1. d4 Nf6 2. c4 c5 3. d5 g6 4. Nc3 Bg7 5. e4 d6 6. Bd3 e6 7. Nf3 exd5 8. cxd5 a6 {A70: Modern Benoni: 6 e4 g6 7 Nf3.} 9. a4 (9. O-O {is more complex.} O-O 10. Bf4 b5 11. h3 Qc7 12. Rc1) 9... Bg4 10. h3 Bxf3 {White has an edge.} 11. Qxf3 Nbd7 12. Qd1 {[#]} h6 $146 (12... Rc8 $11) ({Predecessor:} 12... O-O 13. O-O Rb8 14. Re1 Ne8 15. a5 Nc7 16. f4 b5 17. axb6 Rxb6 18. Qc2 Nb5 19. Nxb5 axb5 20. Be3 Rb7 21. Ra6 {0-1 (57) Khademalsharieh,S (2494)-Hou,Y (2658) chess.com INT 2020}) 13. O-O $14 Ne5 14. Be2 g5 15. f4 gxf4 16. Bxf4 Qe7 17. Qc2 O-O 18. Bg3 Rae8 19. Rae1 Ng6 {[%cal Rf6e4]} 20. Bf3 Nd7 21. Nd1 Bd4+ 22. Kh1 Nh4 (22... Nde5 $1 $11) 23. Ne3 Bxe3 (23... Nxf3 $2 24. Nf5 $18) 24. Rxe3 Ne5 (24... Qg5 $1 $14 25. Rb3 Qxg3) 25. Qf2 (25. Bh5 $16) 25... Nhxf3 (25... Nexf3 $11 {keeps the balance.} 26. gxf3 Nf5) 26. gxf3 $16 f5 (26... Qf6 $142) 27. Bxe5 (27. Qg2 $1 $16 {Threatens to win with Bxe5+.} f4 28. Bxf4+ Kh7 29. Bh2 (29. Bxe5 Qxe5 30. Qh2 Qf6 $16)) 27... Qxe5 $11 28. f4 Qd4 29. Rg3+ Kh7 {Hoping for ...Qxf2.} 30. Qxd4 cxd4 31. exf5 Rxf5 $15 {[%mdl 4096] Endgame KRR-KRR} 32. Rd3 (32. Rf2 $142) 32... Rxd5 (32... Re4 $142 33. Rb3 Kg6) 33. Kg2 $17 Kg6 $1 34. Kf3 {[#]} Kf5 $1 35. Rg1 b5 ({Better is} 35... Re4 $17 36. Rg4 Re1) 36. axb5 $11 Rxb5 37. Ra1 $2 {[%mdl 8192]} (37. Rxd4 $11 {and White is okay.} Rb3+ 38. Kf2) 37... Re4 $19 ({Stronger than} 37... Rxb2 38. Rxa6 Re1 39. Rxd6 $11) 38. Rxa6 Rxf4+ 39. Kg3 {[#]} h5 ({Inferior is} 39... Rxb2 40. Rxd6 Re4 41. R6xd4 $11) ({Black should try} 39... Rd5 $1 $19 40. Rd2 h5) 40. Rd2 $2 {[%mdl 8192] This move loses the game for White.} (40. Rxd6 $17 {was the only chance.} h4+ 41. Kh2) 40... h4+ 41. Kg2 $2 (41. Kh2 Ke5 42. Ra3) 41... Ke4 42. Ra3 Rg5+ 43. Kh2 {[#]} Rg3 $1 {[%mdl 512]} 44. Rxg3 hxg3+ 45. Kxg3 {KR-KR} Ke3 46. Rd1 Rf8 47. Re1+ Kd2 48. Re4 d3 49. Rd4 Rf6 50. Kg4 Ke3 51. Rd5 Ke4 52. Ra5 Rg6+ 53. Kh5 Rg1 54. Ra4+ Ke5 {( -> ...d2)} 55. Ra3 d2 56. Rd3 d1=Q+ 57. Rxd1 Rxd1 {KR-KPP} 58. h4 {Black mates.} Rb1 59. Kg6 Rxb2 {KR-KP} 60. h5 Rg2+ 61. Kh7 d5 62. h6 d4 63. Kh8 d3 64. h7 {[#]} Rh2 $1 65. Kg7 d2 66. h8=Q Rxh8 67. Kxh8 Kf6 68. Kh7 d1=Q 69. Kh8 Kg6 70. Kg8 Qd8# {Av CentiPawn Loss W=10538/B=-231. Weighted=6923/-177} 0-1